| 000 | 01408cam a2200373 a 4500 | ||
|---|---|---|---|
| 001 | 16355504 | ||
| 003 | OSt | ||
| 005 | 20140310182740.0 | ||
| 008 | 100729s2011 enka 001 0 eng | ||
| 010 | _a 2010031893 | ||
| 020 | _a9780749460501 | ||
| 020 | _a0749460504 | ||
| 020 | _a9780749460518 | ||
| 020 | _a0749460512 | ||
| 035 | _a(OCoLC)ocn468979769 | ||
| 040 |
_aDLC _cDLC _dYDX _dBTCTA _dYDXCP _dCDX _dBWX _dDLC |
||
| 050 | 0 | 0 |
_aHF 5415 _b.L362 2011 |
| 100 | 1 | _aLeboff, Grant. | |
| 245 | 1 | 0 |
_aSticky marketing : _bwhy everything in marketing has changed and what to do about it / _cGrant Leboff. |
| 260 |
_aLondon, UK ; _aPhiladelphia, USA : _bKogan Page, _c2011. |
||
| 300 |
_axiv, 217 p. : _bill. ; _c24 cm. |
||
| 521 | _aBSBA | ||
| 562 | _e | ||
| 650 | 0 | _aMarketing. | |
| 650 | 0 | _aInternet marketing. | |
| 650 | 0 |
_aInformation technology _xSocial aspects. |
|
| 856 | 4 | 2 |
_3Contributor biographical information _uhttp://www.loc.gov/catdir/enhancements/fy1112/2010031893-b.html |
| 856 | 4 | 2 |
_3Publisher description _uhttp://www.loc.gov/catdir/enhancements/fy1112/2010031893-d.html |
| 856 | 4 | 1 |
_3Table of contents only _uhttp://www.loc.gov/catdir/enhancements/fy1112/2010031893-t.html |
| 906 |
_a7 _bcbc _corignew _d1 _eecip _f20 _gy-gencatlg |
||
| 942 |
_2lcc _cBK _kFOR |
||
| 999 |
_c15543 _d15543 |
||